00576nam a22001695i 450000100060000000300090000600500170001500700030003200800410003504000200007610000390009624500810013526001020021630000200031865000450033885200230038368496ES-MaACL20230906170310.0t|960807m18391847fr ||||1| fre d aCAM bspa cCAM1 aGarcin de Tassy, Joseph Heliodore.10aHistoire de la littérature hindoui et hindoustani / cpar Garcin de Tassy. aParis : bThe oriental translation committee of Great Britain and Ireland,c1839-47 (fB. Duprat) a2 v. ; c26 cm. 4aLiteratura india-xHistoria y crítica. aES-MaACLjG-9745-6